[Event "Steyr Landesliga 1213"]
[Site "Austria"]
[Date "2013.03.16"]
[Round "8.6"]
[White "Kainrath, Florian"]
[Black "Sorsky, Harald"]
[Result "1-0"]
[WhiteElo "2156"]
[BlackElo "1843"]
[PlyCount "71"]
[EventDate "2012.09.22"]
[EventType "team-tourn"]
[EventRounds "11"]
[EventCountry "AUT"]
[SourceTitle "EXT 2014"]
[Source "ChessBase"]
[SourceDate "2013.11.20"]
[SourceVersion "1"]
[SourceVersionDate "2013.11.20"]
[SourceQuality "1"]
[WhiteTeam "Graz Schachfreunde"]
[BlackTeam "Graz Austria"]
[WhiteTeamCountry "AUT"]
[BlackTeamCountry "AUT"]

1. e4 e6 2. d4 d5 3. Nd2 Ne7 4. Bd3 c5 5. c3 cxd4 6. cxd4 Nec6 7. Ngf3 Be7 8. 0-0 0-0 9. Qe2 Nb4 10. Bb1 g6 11. Rd1 Bf6 12. e5 Bg7 13. Nf1 N8c6 14. Ne3 Ne7 15. Ng4 Nf5 16. Bg5 Qb6 17. Qd2 Nc6 18. Bxf5 exf5 19. Nf6+ Kh8 20. Nxd5 Qa5 21. Qxa5 Nxa5 22. Nc7 Rb8 23. Be7 Rg8 24. Ng5 h6 25. Nxf7+ Kh7 26. d5 Nc4 27. f4 Bd7 28. b3 Nb6 29. Rac1 Be8 30. Nd6 g5 31. Ndxe8 Rgxe8 32. Nxe8 Rxe8 33. Rc7 Kg6 34. e6 gxf4 35. d6 Bf6 36. d7 1-0